| 000 | 00620cam a22002173a 4500 | ||
|---|---|---|---|
| 001 | 35162 | ||
| 003 | PGUSA | ||
| 005 | 20140828083746.0 | ||
| 008 | 110204s2011||||xxu|||||s|||||000 | eng d | ||
| 040 |
_aPGUSA _beng |
||
| 042 | _adc | ||
| 100 | 1 |
_aLardner, Ring, _d1885-1933 |
|
| 245 | 1 | 0 |
_aGullible's Travels, Etc. _h[electronic resource] / _cRing Lardner |
| 260 |
_bProject Gutenberg, _c2011 |
||
| 506 | _aPublic domain in the USA. | ||
| 516 | _aElectronic text | ||
| 700 | 1 |
_aPreston, May Wilson, _d1873-1949 |
|
| 830 | 0 |
_aProject Gutenberg _v35162 |
|
| 856 | 4 | 0 | _uhttp://www.gutenberg.org/ebooks/35162 |
| 942 | _cEB | ||
| 999 |
_c264417 _d264417 |
||